Boss de Mario & Luigi : Superstar Saga - Statistiques

Statistiques générales
  • Ce quiz a été pris 13 fois
  • Le résultat moyen est 21 sur 27
Statistiques - réponses
Lieux Boss % Correct
Château de Peach Bowser
100%
Tortue-Jet Gracowitz
100%
Château de Bowser Gracowitz
100%
Hahadémie Graguémona
100%
Château de Bowser Iggy Koopa
100%
Château de Bowser Larry Koopa
100%
Château de Bowser Lemmy Koopa
100%
Château de Bowser Ludwig von Koopa
100%
Château de Bowser Morton Koopa Jr.
100%
Château de Bowser Wendy O. Koopa
100%
Château de Bowser Roy Koopa
92%
Bois du rire Soda Hilaro
92%
Château de Bowser (Corps de Bowser) Âme de Graguémona
83%
Château de Bowser (Salle de bain) Bowsémona
83%
Bois du rire Wiggler
83%
Bois du rire Pargne
75%
Château de Végésia Reine Végélia
75%
Aéroport de Végésia Maman Piranha
67%
Vallée Hihi (Souterrain) Pargne et Birdo
67%
Château de Sodagnoble Pargne et Le Bleu
67%
Hahadémie Pargne et Le Bleu
67%
Canton Héhé Crustassov III
58%
Plateau Stella Sterex
42%
Mont Uf Ufross
42%
Mont Uf (Sommet) Rigodraco
33%
Vallée Hihi Rochefort
33%
Joke End Jojora (et son amie)
25%
Aucun quiz correspondant
Distribution des résultats
% des personnes avec chaque résultat
Percentile par nombre de réponses
Votre historique - résultats
Vous n’avez pas pris ce quiz